Normal view
MARC view
Entry Personal Name
001 - CONTROL NUMBER
- control field: 21886
003 - CONTROL NUMBER IDENTIFIER
- control field: AR-FvUNAJ
005 - DATE AND TIME OF LATEST TRANSACTION
- control field: 20250903125049.0
008 - FIXED-LENGTH DATA ELEMENTS
- fixed length control field: 250903|| aca||aabn | a|a d
040 ## - CATALOGING SOURCE
- Original cataloging agency: AR-FvUNAJ
100 1# - HEADING--PERSONAL NAME
- Personal name: Popescu, Oreste
- Dates associated with a name: 1913-2003